000 00873nam a22002537i 4500
003 URS
005 20250827170241.0
008 180110b xxu||||| |||| 00| 0 eng d
020 _a9919108018
090 _aDS 686.614 D53 1988
245 _aDictatorship and revolution :
_broots of people's power /
_cedited by Aurora Javate-de Dios, Petronilo Bn. Daroy and Lorna Kalaw-Tirol
264 _aMetro Manila :
_bConspectus,
_cc1988
300 _axvi. 902 pages
_billustrations
_c22 cm
336 _2rdacontent
_atext
337 _2rdamedia
_aunmediated
338 _2rdacarrier
_avolume
650 _aDictatorship
_zPhilippines
651 _aPhilippines
_xHistory
_yRevolution, 1986
651 _aPhilippines
_xPolitics and government
_y1966-1987
700 1 _aJavate-de Dios, Aurora
700 1 _aDaroy, Petronilo Bn.
700 1 _aKalaw-Tirol, Lorna
942 _2lcc
_cF
999 _c84534
_d84532